000 00421nam a2200145Ia 4500
008 100122s9999 xx 000 0 und d
082 _b37253
_a823
100 _aदिघे प्रभाकर
245 _aइंद्राणी
260 _bदिलीपराज प्रकाशन
_c1905
300 _a250
630 _aइंद्राणी
730 _aइंद्राणी
942 _cBOOK
999 _c419713
_d419710